Villes du Monde sur une carte par lettre - P - Statistiques

Statistiques générales
  • Ce quiz a été pris 36 362 fois
  • Le résultat moyen est 13 sur 32
Réponses sur la Carte
Les réponses sont colorées sur une échelle allant du rouge au vert en fonction du pourcentage des utilisateurs qui les ont devinées à leur premier essai. Vous pouvez retrouver ces pourcentages ci-dessous.
 
Statistiques - réponses
Villes % Correct
Paris
99%
Porto
89%
Pékin
70%
Perpignan
68%
Pyongyang
63%
Panama
62%
Prague
62%
Palerme
59%
Perth
51%
Pretoria
50%
Portland
46%
Philadelphie
44%
Port-au-Prince
44%
Pise
41%
Palma
40%
Phnom Penh
39%
Pristina
38%
Phoenix
33%
Plymouth
30%
Paramaribo
27%
Port Moresby
27%
Praia
27%
Porto Novo
25%
Papeete
20%
Phuket
20%
Porto Alegre
15%
Pondichéry
14%
Poznań
13%
Port Saïd
12%
Port Soudan
9%
Pune
8%
Pointe-Noire
7%
Aucun quiz correspondant
Distribution des résultats
% des personnes avec chaque résultat
Percentile par nombre de réponses
Votre historique - résultats
Vous n’avez pas pris ce quiz